000 00439 a2200145 4500
999 _c7082
_d7082
020 _a0855983663
050 _aHD4904.7 .E23 1997
100 _aEade, Deborah
_eauthor
245 _aCapacity-building :
_b an approach to people-centred development /
_c Eade Deborah
264 _aOxford :
_bOxfam ,
_c1997
300 _a226p.:
500 _ainclude references.
650 _aHuman capital
_xGovernment policy
942 _2lcc
_cBK
_h4904
_iEAD
_kHD